BIBLIOTECA

SENCICO

Geometría elemental / (Registro nro. 451)

Detalles MARC
000 -LEADER
fixed length control field 01154nam a2200301Ia 4500
003 - CONTROL NUMBER IDENTIFIER
control field PE SENCICO BE
005 - DATE AND TIME OF LATEST TRANSACTION
control field 20251020182438.0
008 - FIXED-LENGTH DATA ELEMENTS--GENERAL INFORMATION
fixed length control field 200515s9999 xx 000 0 und d
020 ## - INTERNATIONAL STANDARD BOOK NUMBER
International Standard Book Number 956-14-0333-1
040 ## - CATALOGING SOURCE
Original cataloging agency PE SENCICO BE
Transcribing agency PE SENCICO BE
041 ## - LANGUAGE CODE
Language code of text/sound track or separate title spa
082 ## - DEWEY DECIMAL CLASSIFICATION NUMBER
Classification number 516
Item number A68 2000
100 1# - MAIN ENTRY--PERSONAL NAME
Personal name Arenas D., Fernando
9 (RLIN) 3189
Relator term autor
245 10 - TITLE STATEMENT
Title Geometría elemental /
Statement of responsibility, etc. Fernando Arenas D., Gonzale Masjuan T., Felipe Villanueva M.
250 ## - EDITION STATEMENT
Edition statement 3a ed.
260 ## - PUBLICATION, DISTRIBUTION, ETC.
Place of publication, distribution, etc. Santiago :
Name of publisher, distributor, etc. Pontificia Universidad Católica de Chile ;
Date of publication, distribution, etc. 2000
300 ## - PHYSICAL DESCRIPTION
Extent 408 páginas :
Other physical details diagramas ;
Dimensions 25 cm.
490 ## - SERIES STATEMENT
Series statement Colección textos universitarios
504 ## - BIBLIOGRAPHY, ETC. NOTE
Bibliography, etc. note Bibliografía: p. 408
505 0# - FORMATTED CONTENTS NOTE
Formatted contents note Nociones geométricas previas, congruencia -- Áreas de figuras -- La circunferencia -- Proporcionalidad y semejanza -- División aurea y polígonos regulares -- Nociones de geometría espacial.
650 10 - SUBJECT ADDED ENTRY--TOPICAL TERM
Topical term or geographic name entry element Geometría plana
9 (RLIN) 1020
650 20 - SUBJECT ADDED ENTRY--TOPICAL TERM
Topical term or geographic name entry element Geometría
9 (RLIN) 21
650 20 - SUBJECT ADDED ENTRY--TOPICAL TERM
Topical term or geographic name entry element Polígonos
9 (RLIN) 3141
650 20 - SUBJECT ADDED ENTRY--TOPICAL TERM
Topical term or geographic name entry element Matemáticas
9 (RLIN) 2106
700 1# - ADDED ENTRY--PERSONAL NAME
9 (RLIN) 3190
Personal name Masjuán T., Gonzalo
Relator term autor
700 1# - ADDED ENTRY--PERSONAL NAME
9 (RLIN) 3191
Personal name Villanueva M., Felipe
Relator term autor
942 ## - ADDED ENTRY ELEMENTS (KOHA)
Koha item type Libros
Source of classification or shelving scheme Dewey Decimal Classification
Existencias
Fecha de la última vez que lo usaron Número de ingreso o de inventario Pago total Signatura topográfica completa Código de barras Precio efectivo desde Tipo de documento Estado perdido Sistema de clasificación Estado dañado No es para préstamo Retirado Ubicación permanente Ubicación actual Fecha de adquisición
15/05/2020 13175   516/A68/2000 BibLima25070011 15/05/2020 Libros   Dewey Decimal Classification       Biblioteca Central Lima Biblioteca Central Lima 15/05/2020